| 000 | 01106nam a22002657a 4500 | ||
|---|---|---|---|
| 003 | PE SENCICO BE | ||
| 005 | 20251020182640.0 | ||
| 008 | 230725b |||||||| |||| 00| 0 eng d | ||
| 040 |
_aPE SENCICO BE _cPE SENCICO BE |
||
| 041 | _aspa | ||
| 084 |
_aI _aLAB _a2014 _bS68 |
||
| 100 | 1 |
_91279 _aSorogastua Calderon, Augusto Enrique _eautor |
|
| 245 | 1 |
_aExploración, muestreo y cuarteo de suelos / _cAugusto Enrique Sorogastua Calderon |
|
| 260 |
_aLima : _c2014 |
||
| 300 |
_a45 h. : _bil. col., diagrs.; _c29 cm. |
||
| 502 | _aMonografía de Titulación.-- Servicio Nacional de Capacitación para la Industria de la Construcción. Escuela Superior Técnica. Carrera Profesional Técnica en Laboratorio de Suelos, Concreto y Asfalto, 2014. | ||
| 504 | _aBibliografía: h. 45 | ||
| 650 | 1 | 4 |
_9155 _aEstudio de suelos |
| 650 | 2 | 4 |
_943 _aMecánica de suelos |
| 650 | 2 | 4 |
_91262 _aLaboratorio de suelos |
| 650 | 2 | 4 |
_9485 _aControl de calidad |
| 710 | 1 |
_aServicio Nacional de Capacitación para la Industria de la Construcción. _bEscuela Superior Técnica _91065 |
|
| 910 |
_bhfp _chfp |
||
| 942 | _cMON | ||
| 999 |
_c4270 _d4270 |
||